| 000 | 01002nam a22002657a 4500 | ||
|---|---|---|---|
| 999 |
_c22511 _d22511 |
||
| 003 | AR-CdUCM | ||
| 008 | 190425b ||||| |||| 00| 0 spa d | ||
| 020 | _a9786124391279 | ||
| 040 |
_aMUNICIPALIDAD PROVINCIAL DEL CUSCO _cBIBLIOTECA MUNICIPAL DEL CUSCO |
||
| 082 |
_a780.92/S26L _bS26L |
||
| 100 |
_aSarmiento Herencia, Rodrigo _948374 |
||
| 245 |
_aLlegó rasgando cielos, luz y vientos : _bvida y obra de Chabuca Granda / _cRodrigo Sarmiento Herencia |
||
| 260 |
_aLima : _bMinisterio de Cultura, _c2020. |
||
| 300 |
_a252 páginas. : _bilustraciones en color ; _c25 cm. |
||
| 500 | _zBibliografía: páginas 243-252. | ||
| 650 |
_aGranda, Chabuca _948375 |
||
| 650 |
_aCompositores _948376 |
||
| 650 |
_aCriollos _948377 |
||
| 650 |
_aMúsica _91443 |
||
| 650 |
_aSiglo XX _948378 |
||
| 650 |
_aPerú _948379 |
||
| 856 |
_uhttps://geoportal.cultura.gob.pe/assets/patinmaterial/archivos/doc/280920_Llego_rasgando_cielos_luz_y_vientos.pdf _zLeer en pdf |
||
| 942 |
_2ddc _cLIBROS |
||
| 945 | _arac | ||